000 00427nam a2200181Ia 4500
005 20250423101126.0
008 250422s9999 xx 000 0 und d
020 _a8131300633
050 _aP 90 .S56/
100 _aSingh, J. K.
245 0 _aTextbook of mass communication
260 _aNew Delhi
260 _bA.P.H. Publishing Corpration
260 _c2017
300 _a274 p
650 _aMass media
942 _cBK
999 _c35364
_d35364